Ultimos #10 de River Plate (2000-26) - Estadísticas

Estadísticas generales
  • Esta prueba ha sido intentada 110 veces
  • La puntuación promedio es 12 de 16
Estadísticas de respuestas
Imagen Hint Respuesta % Correcto
2000-01 Pablo Aimar
99%
2001-02/2007-08/2009-10 Ariel Ortega
94%
2004-06/2009 Marcelo Gallardo
90%
2002-03 Andrés D'Alessandro
88%
2019-21/2025-Act. Juan Fernando Quintero
88%
2015-18 Gonzalo Martínez
85%
2018-19/2022-23 Ignacio Fernández
85%
2020-21 Jorge Carrascal
84%
2012-14/2022-25 Manuel Lanzini
81%
2011 Érik Lamela
78%
2011-12 Alejandro Domínguez
71%
2008 Diego Buonanotte
66%
2007 Marco Ruben
57%
2003-04 Daniel Montenegro
51%
2014 Tomás Martínez
36%
2011 César González
29%
No se encontraron pruebas coincidentes
Distribución de puntuación
Porcentaje de gente con cada puntuación
Porcentaje por número respondido
Historial de tus puntuaciones
No has intentado esta prueba.